000 00580nam a2200157Ia 4500
008 100122s9999 xx 000 0 und d
082 _b42326
_a822
100 _aमोलिएर
245 _aल तार्त्यफ (े़ं च नाट्यमाला)
260 _bपॉप्युलर प्रकाशन
_c1988
300 _a73
630 _aल तार्त्यफ (े़ं च नाट्यमाला)
700 _aवैद्य
730 _aल तार्त्यफ (े़ं च नाट्यमाला)
942 _cBOOK
999 _c422748
_d422745